| 000 -LEADER |
| fixed length control field |
00596nam a2200217Ia 4500 |
| 001 - CONTROL NUMBER |
| control field |
1860 |
| 003 - CONTROL NUMBER IDENTIFIER |
| control field |
GE_BSU |
| 008 - FIXED-LENGTH DATA ELEMENTS--GENERAL INFORMATION |
| fixed length control field |
181216s||||||||xx |||||||||||||| ||und|| |
| 020 ## - INTERNATIONAL STANDARD BOOK NUMBER |
| International Standard Book Number |
5721806753 |
| 040 ## - CATALOGING SOURCE |
| Transcribing agency |
GE_BSU |
| 080 ## - UNIVERSAL DECIMAL CLASSIFICATION NUMBER |
| Universal Decimal Classification number |
(0351.354(470)75.8) |
| 245 ## - TITLE STATEMENT |
| Title |
Муниципальное право России.Учебное пособие. |
| 245 ## - TITLE STATEMENT |
| Statement of responsibility, etc. |
Под. ред. С.Е. Чаннова |
| 260 ## - PUBLICATION, DISTRIBUTION, ETC. |
| Place of publication, distribution, etc. |
Москва |
| 260 ## - PUBLICATION, DISTRIBUTION, ETC. |
| Name of publisher, distributor, etc. |
Теис |
| 260 ## - PUBLICATION, DISTRIBUTION, ETC. |
| Date of publication, distribution, etc. |
2005 |
| 300 ## - PHYSICAL DESCRIPTION |
| Extent |
262с. 19см. |
| 653 ## - INDEX TERM--UNCONTROLLED |
| Uncontrolled term |
Муниципальное право России |
| 942 ## - ADDED ENTRY ELEMENTS (KOHA) |
| Koha item type |
წიგნი |